100 rokov Lekárskej fakulty Univerzity Komenského v Bratislave

Bibliographic Details
Other Authors: Ozorovský, Vojtech, 1951- (Compiler), Gogola, Matej, 1985- (Compiler), Mesiarkin, Adam, 1986- (Compiler), Vojteková, Ivana, 1963- (Compiler), Juhász, Emil (Photographer), Mikloš, Jozef (Photographer), Orságová, Zuzana (Translator)
Format: Book
Language:Slovak
English
PhysicalDescription:351 strán fotografie (prevažne farebné), faksimile 29 cm 1 CD príloha
Published: Bratislava Praha Grada Slovakia, spol. s.r.o. Grada Publishing, a.s. 2019
ISBN:9788080900687
9788027120062
Edition:1. vydanie
Subjects:

MARC

LEADER 00000cam a2200000 4500
001 vtls011916455
003 SK-MaSNL
005 20260425233911.0
008 220509s2019 xo oc 000 0 slo
015 |a SNBA2020/11 
020 |a 9788080900687  |q (Grada Slovakia ;  |q viazané) 
020 |a 9788027120062  |q (Grada Publishing ;  |q viazané) 
035 |a urn:nbn:sk:snk-am00gkwy 
035 |a urn:nbn:sk:snk-am3j682 
035 |a CF4CA59F-D2EF-47C6-A7DB-66C7A57C9EF7 
040 |a SNK  |b slo  |c SNK  |e rda 
041 0 |a slo  |a eng 
043 |a e-xo--- 
044 |a xo  |c SK  |a xr  |c CZ 
072 7 |a 378  |x Vysoké školy  |2 konspekt 
080 |a 378.096:61  |2 2001 
080 |a (437.611)  |2 2011 
080 |a (082.2)  |2 2011 
245 0 0 |a 100 rokov Lekárskej fakulty Univerzity Komenského v Bratislave  |c zostavovatelia: Vojtech Ozorovský, Matej Gogola, Adam Mesiarkin, Ivana Vojteková ; prekladateľka: Zuzana Orságová ; autori fotografií kolektívov: Emil Juhász, Jozef Mikloš 
246 3 |a Sto rokov Lekárskej fakulty Univerzity Komenského v Bratislave 
246 3 1 |a 100 years of the Faculty of Medicine of Comenius University in Bratislava 
250 |a 1. vydanie 
264 1 |a Bratislava  |b Grada Slovakia, spol. s.r.o.  |a Praha  |b Grada Publishing, a.s.  |c 2019 
300 |a 351 strán  |b fotografie (prevažne farebné), faksimile  |c 29 cm  |e 1 CD príloha 
336 |a text  |b txt  |2 rdacontent 
337 |a bez média  |b n  |2 rdamedia 
338 |a zväzok  |b nc  |2 rdacarrier 
500 |a Zoznam skratiek, zoznam dekanov Lekárskej fakulty 
546 |a Súbežný text slovensky a anglicky 
610 2 7 |a Univerzita Komenského v Bratislave.  |b Lekárska fakulta  |2 SNKKA 
648 7 |a 1919-2019  |2 SNKPH  |9 362455 
650 0 7 |a lekárske fakulty  |2 SNKPH  |9 78383 
650 0 7 |a Faculties of medicine  |2 SNKPHeng  |9 274293 
651 7 |a Bratislava (Slovensko)  |2 SNKPHgeo  |9 14568 
651 7 |a Bratislava (Slovakia)  |2 SNKPHeng  |9 171234 
655 7 |a jubilejné publikácie  |2 SNKPH  |9 70339 
655 7 |a Jubilee books  |2 SNKPHeng  |9 281827 
700 1 |a Ozorovský, Vojtech,  |d 1951-  |4 com  |9 196515 
700 1 |a Gogola, Matej,  |d 1985-  |4 com  |9 347537 
700 1 |a Mesiarkin, Adam,  |d 1986-  |4 com  |9 204236 
700 1 |a Vojteková, Ivana,  |d 1963-  |4 com  |9 241333 
700 1 |a Juhász, Emil  |4 pht  |9 504132 
700 1 |a Mikloš, Jozef  |4 pht  |9 351741 
700 1 |a Orságová, Zuzana  |4 trl  |9 504133 
919 |a 978-80-8090-068-7 
919 |a 978-80-271-2006-2 
999 |c 778789  |d 780719 
952 |a SNK  |b SNK  |y PREZ  |7 0  |p 17A1426235  |o snkSB 95812  |i snk2020/15020  |8 0  |3 Obsahuje prílohu: 1 CDr  |z Obsahuje prílohu: 1 CDr  |0 0  |1 0  |4 0  |d 2020-08-25  |f 1  |l 0  |r 2025-05-19 00:00:00  |w 2026-02-24 
952 |a SNK  |b SNK  |y PREZ  |7 0  |p 17A1426234  |o snkSB 95812/príl.  |i snk2020/15020  |8 0  |z Príloha: 1 CDr  |0 0  |1 0  |4 0  |d 2020-08-25  |f 2  |l 0  |r 2025-05-19 00:00:00  |w 2026-02-24 
952 |a SNK  |b SNK  |y VYP  |7 0  |p 17A1426233  |o snkSB 95812 D1  |i snk2020/15036  |8 0  |3 Obsahuje prílohu: 1 CDr  |z Obsahuje prílohu: 1 CDr  |0 0  |1 0  |4 0  |d 2020-08-25  |l 0  |r 2026-02-24 00:57:22  |w 2026-02-24 
952 |a SNK  |b SNK  |y PREZ  |7 0  |p 17A1426232  |o snkSB 95812/príl. D1  |i snk2020/15036  |8 0  |z Príloha: 1 CDr  |0 0  |1 0  |4 0  |d 2020-08-25  |l 0  |r 2026-02-24 00:57:22  |w 2026-02-24